00788cam a22002294a 4500008004100000020002500041049000900066090001800075245007500093260003400168300003600202650002800238650002900266700001800295907003500313003000100348005001700349040000900366942002500375999001900400952013900419  a9780550103444 (hbk.) aMAIN aREF BL31bCHA10aChambers dictionary of beliefs and religions /cedited by Mark Vernon. aEdinburgh :bChambers,c2009. ax, 677 p. :bcol. ill ;c26 cm. 0aReligionxDictionaries. 0aReligionsxDictionaries.1 aVernon, Mark. a.b1031815xb16-10-12c17-09-1220230120191435.0 cNUST cBOOKSkREF BL31mCHA c101167d101167 r2023-01-20 00:00:00l0oREF BL31 CHAp92004031572v80.00w2023-01-20yBOOKS102LCC40708NFIC00aMAINbMAINcGENd2023-01-20g80.00